مكتبة جامعة عجلون الوطنية

فهرس بحث المكتبة

Normal view MARC view
  • المحاكم -- الأردن -- تنفيذ الأحكام -- الأردن -- التحكيم (قانون المرافعات) -- الأردن -- الصلح (قانون مدني) -- الأردن. محكمة العدل العليا

Entry Topical Term

Number of records used in: 1

001 - CONTROL NUMBER

  • control field: 23854

003 - CONTROL NUMBER IDENTIFIER

  • control field: JO-AjAnu

005 - DATE AND TIME OF LATEST TRANSACTION

  • control field: 20230606074110.0

008 - FIXED-LENGTH DATA ELEMENTS

  • fixed length control field: 230606|| aca||aabn | a|a d

040 ## - CATALOGING SOURCE

  • Original cataloging agency: JO-AjAnu
  • Transcribing agency: JO-AjAnu

150 ## - HEADING--TOPICAL TERM

  • Topical term or geographic name entry element: المحاكم -- الأردن -- تنفيذ الأحكام -- الأردن -- التحكيم (قانون المرافعات) -- الأردن -- الصلح (قانون مدني) -- الأردن. محكمة العدل العليا

670 ## - SOURCE DATA FOUND

  • Source citation: Work cat.: (JO-AjAnu)12263: اعداد ابراهيم عبد الجليل حداد , author 23853, قانون محاكم الصلح بموجب القانون المعدل رقم (30) لسنة 2008